00533nam a2200133Ia 4500003000200000005001700002008004100019050002200060100002200082245016900104260008600273300002800359521001200387020250210112256.0140724s9999 xx 000 0 und d aRT 86b.D249 2006 aDavid, Cheryll E. 4aThe relationship of eating breakfast to the academic performance of third year nursing students in Southville International School and Colleges /cCheryll E. David. aLas Piñas, Philippines :bSouthville International School and Colleges,cc2006. a45 p. :bill. ;c28 cm. aNursing